000
00214 a2200085 4500
020
_a
9781789500899
100
_a
BARBER BARRINGTON
245
_a
DRAWING ANATOMY: AN ARTISTS GUIDE TO THE HUMAN FIGURE
260
_b
ARCTURUS
999
_c
13078
_d
13078